[Event "Rilton Cup 35th"]
[Site "Stockholm"]
[Date "2006.01.05"]
[Round "9"]
[White "Bellon Lopez, Juan Manuel"]
[Black "Postny, Evgeny"]
[Result "0-1"]
[WhiteElo "2401"]
[BlackElo "2571"]
[Annotator "Postny,E"]
[PlyCount "82"]
[EventDate "2005.12.27"]
[EventType "swiss"]
[EventRounds "9"]
[EventCountry "SWE"]
[SourceTitle "CBM 110 Extra"]
[Source "ChessBase"]
[SourceDate "2006.03.10"]
[SourceVersion "2"]
[SourceVersionDate "2006.03.10"]
[SourceQuality "1"]

{This is the game from the last round. We both had 6 points out of 8, and I
knew that a win would allow me to join the leaders and share 1st place...} 1.
d4 d5 2. Nf3 c6 3. c4 Nf6 4. Nc3 a6 5. Ne5 {A rare and quiet continuation.
White protects the Pc4 without blocking his dark-squared bishop which occurs
after 5.e3.} e6 ({More common is} 5... Nbd7) 6. Bf4 dxc4 (6... Nbd7 7. e3 Nxe5
8. Bxe5 Bd6 {should be sufficient for equality, but not more...}) 7. Nxc4 b5 8.
Ne5 Bb7 9. Qd3 $2 $146 {An awkward move and actually a waste of tempo.} (9. e3
c5 10. dxc5 Qxd1+ 11. Rxd1 Bxc5 12. Be2 Nbd7 13. O-O Nxe5 14. Bxe5 Ke7 $11 {
0-1 Ruck,R (2550)-Burmakin,V (2575)/Oberwart 2003/CBM 095 ext (59)}) 9... Nbd7
10. Nxd7 Qxd7 {Black is already better.} 11. e3 c5 12. dxc5 Bxc5 13. Qxd7+ Nxd7
{The pawn structure is symmetrical, but white is experiencing serious problems,
since he is lagging in development.} 14. Rd1 Rc8 15. Be2 ({After} 15. Bd6 Bxd6
16. Rxd6 b4 17. Nd1 Ke7 18. Rd2 Rc1 {white is completely tied up.}) 15... Bb4 (
15... e5 $6 16. Bg4 $1) 16. O-O {White is practically forced to sacrifice a
pawn to complete the development.} Bxc3 17. bxc3 Rxc3 {White has lost a pawn,
but hoping to achieve compensation thanks to pair of bishops and black's
uncastled king.} 18. Bd6 (18. Rc1 Rxc1 19. Rxc1 Ke7 20. Rc7 Bd5 $17) 18... Nf6
{I considered the capture on a2 as too risky.} (18... Rc2 $6 19. Rfe1 $1 (19.
Bf3 Bxf3 20. gxf3 Nb6 $1 (20... Rxa2 $2 21. Rc1 Kd8 22. Rfd1 $40 {[%cal Gc1c7]}
) 21. Rc1 Rxc1 22. Rxc1 Kd7 $19 {[%cal Od7d6,Cd6c5,Cc5b6,Gb6c4]}) 19... Rxa2
20. Rc1 Kd8 21. Bf3 Bxf3 22. gxf3 $44) 19. a4 $1 {The best chance. White is
trying to open as many files and diagonals as possible.} (19. Rc1 Rxc1 20. Rxc1
Kd7 21. Be5 Rc8 $19) 19... bxa4 20. Rb1 Rb3 21. Bc4 (21. Bd1 $4 Rxb1 22. Bxa4+
Rb5 $19) 21... Rxb1 22. Rxb1 Kd7 23. Be5 Bd5 24. Bxd5 exd5 (24... Nxd5 $6 25.
Rb7+ Kc6 26. Rxf7 {I didn't see here how I am going to promote my "a" pawn,
meanwhile, white's pieces are extremely active.}) 25. Rb7+ {The exchange on f6
leads to a lost endgame, white should keep his strong bishop.} (25. Bxf6 $2
gxf6 26. Rb7+ Kc6 27. Rb4 a5 28. Rxa4 Kb5 $19 {[%csl Ga5]}) 25... Ke6 26. Bd4
Rc8 27. f3 $2 {The decisive mistake.} (27. Rb6+ Kd7 28. f3 a3 (28... Rc6 29.
Rb4 Rc4 30. Rb6 {changes nothing.}) 29. Rxa6 Rc1+ 30. Kf2 Rc2+ 31. Kg3 a2 32.
Ra7+ Ke6 33. Ra6+ Ke7 34. Ra7+ Nd7 35. Ra5 {I really wasn't sure if black's
advantage sufficient for a win here.}) 27... Nd7 $1 $19 {Now it's all over,
since I keep both "a" pawns.} 28. Rb2 (28. Bxg7 f6 $19) 28... f6 29. f4 Rc4 30.
g4 a3 31. Ra2 Ra4 32. Kf1 Kd6 33. h4 Nc5 {The knight is heading to an ideal e4
square.} 34. h5 Ne4 35. Ke1 Kc6 36. h6 gxh6 37. Rh2 Kb5 38. Kd1 {[%tqu "En",
"Find the quickest way to win.","","","a4d4","",7]} Rxd4+ $1 39. exd4 a2 40.
Rb2+ Kc4 41. Rc2+ Nc3+ 0-1

[Event "Rochefort op 4th"]
[Site "Rochefort"]
[Date "2005.02.18"]
[Round "7.2"]
[White "Cioara, Andrei Nestor"]
[Black "Prie, Eric"]
[Result "1-0"]
[WhiteElo "2383"]
[BlackElo "2439"]
[Annotator "Prie,E"]
[PlyCount "109"]
[EventDate "2005.02.16"]
[EventType "swiss"]
[EventRounds "7"]
[EventCountry "FRA"]
[SourceTitle "CBM 109"]
[Source "ChessBase"]
[SourceDate "2005.11.14"]
[SourceVersion "1"]
[SourceVersionDate "2005.11.14"]
[SourceQuality "1"]

1. d4 d5 2. c4 c6 3. Nf3 Nf6 4. Nc3 a6 5. c5 Nbd7 6. Bf4 Nh5 7. e3 Nxf4 8. exf4
b6 $1 9. cxb6 (9. b4 g6 10. Bd3 Bg7 11. O-O $2 bxc5 12. bxc5 Nxc5) 9... Qxb6
10. Bd3 (10. Qd2 e6 11. Rc1 Rb8 {= Kobalija,M} (11... c5 12. Na4 Qa7 13. dxc5
Nxc5 14. Qd4 Nxa4 15. Rxc8+ Kd7 $13 {Huzman,A})) 10... Qxb2 11. Rc1 g6 12. O-O
Bh6 13. g3 (13. Qa4 Qb6 14. Rc2 Rb8 15. Ne5 Nxe5 16. fxe5 O-O 17. Rb1 Qxb1+ 18.
Nxb1 Rxb1+ 19. Bf1 Bf5 20. Rc3 Bd2 $132 {Huzman,A}) 13... O-O 14. Na4 (14. Qa4
Qb6 $13 {Huzman,A}) 14... Qa3 $1 (14... Qb4 $2 15. Rxc6 Nf6 (15... Nb8 16. Rb6
(16. Rc7 Bg4) 16... Qa5 17. Qb3 $14) 16. Qb3 Qxb3 17. axb3 a5 $2 (17... Rb8 $1
18. Nc5 Nd7 19. Rxc8 Rfxc8 20. Nxd7 Rxb3 21. Bxa6 Ra8 22. Be2 $14) 18. Ne5 Rb8
19. Rfc1 (19. Nc5 $16) 19... Bd7 20. Ra6 Bxa4 21. bxa4 Rb4 22. Rxa5 Rxd4 23.
Ra7 Bg7 24. Bf1 $1 Ne4 25. a5 Ra4 26. a6 e6 27. Rac7 $1 {Direct play wins.} (
27. Rcc7 Ra1 28. Kg2 Ra2) 27... Nd6 {[#]} 28. Nd7 $1 (28. R1c6 Bxe5 29. fxe5
Nc4 30. Bxc4 Rxc4 31. Rxc4 dxc4 32. Rxc4 Ra8 33. Ra4 Ra7 {is pretty hopeless
too.}) 28... Rd8 (28... Re8 29. R1c6 Nc4 30. Rc8) 29. Nc5 Rb4 30. Nb7 {La
pointe} Nxb7 31. axb7 Bf6 32. Ba6 Kg7 (32... Rd6 33. R1c6) 33. R1c6 Rb8 34.
Rxe6 Bd8 35. Rd7 (35. Rc8 $2 R4xb7 $1 36. Bxb7 Rxc8) 35... Kf8 36. Red6 Ke8 37.
Rxd5 Rb6 (37... Rb2 38. Rxd8+ $1 {The same trick revisited!} Rxd8 39. Bb5+) 38.
Bb5 $1 Rxb5 39. Rxd8+ Rxd8 40. Rxb5 Rb8 41. Kg2 Kd7 42. Kf3 f5 43. h3 Kc6 44.
Rb2 Rxb7 45. Rxb7 Kxb7 46. g4 Kc6 47. gxf5 gxf5 48. Kg3 Kd5 49. Kh4 h6 50. Kh5
Ke4 51. Kxh6 Kxf4 52. Kg6 Ke4 53. Kg5 {1-0 Marzolo,C-Prie,E FRA-ChT Besancon
2003}) (14... Qxa2 $2 15. Ra1) 15. Rxc6 Qxa2 16. Rc3 Nf6 17. Bb1 (17. Nb6 $6
Rb8 18. Nxc8 Rfxc8 19. Rxc8+ Rxc8 20. Qa1 Qxa1 21. Rxa1 Rc3 (21... Ra8 22. Rxa6
Rxa6 23. Bxa6 e6 $15) 22. Be2 Ne4 23. Rxa6 Rc1+ 24. Kg2 Rc2 25. Kf1 f6 26. Ra1
(26. Ra5 Kf7 27. Rxd5 $2 Rxe2 28. Kxe2 Nc3+) 26... g5 $6 (26... Kf7 27. h4 Rb2
$15) 27. fxg5 Bxg5 28. Nxg5 fxg5 29. Ke1 $1 $11 Rb2 30. Bf3 Nxf2 31. Bxd5+ Kg7
32. Ra3 Ng4 33. Ra7 Kf6 34. Ra6+ Kg7 35. Ra7 Rxh2 36. Rxe7+ Kf6 37. Rf7+ Kg6
38. Rf3 Rb2 {1/2-1/2 Olarasu,G-Prie,E St Vincent op 2004}) 17... Qa1 18. Qb3
Bh3 19. Rfc1 Rac8 20. Rxc8 Rxc8 21. Re1 Bd7 22. Nc5 Qa5 23. Nxd7 Nxd7 24. Rxe7
Rb8 $1 (24... Nf6 25. Kg2 Bf8 26. Qb7 Bxe7 27. Qxc8+ Kg7 28. Bd3 Ne4 29. Qxa6
Qxa6 30. Bxa6 Bb4 31. Bb7 Nc3 32. Ne5 Ne2 33. Bxd5 f6 34. Nd3 Ba5 35. h4 Nxd4
36. Nc5 $14 {White only has a symbolic advantage under the form of an
extra-pawn he cannot valorize. Fontaine,R-Prie,E FRA-ChT Top16Cannes 2004 1-0 
(74) Only fatigue, lassitude and irritation of not understanding why my
opponent was playing on made me commit the decisive blunder on move 49.}) 25.
Qa2 Qb5 26. Bc2 Bf8 $11 {This is the analysis of my game against Fontaine.} 27.
Re1 Qc4 28. Ra1 Rb6 29. Qa4 Qc3 {I declined the draw whilst playing this
optimistic move.} (29... Qxa4 30. Rxa4 Bb4 $15) 30. Kg2 Nf6 31. Ra2 Kg7 32. Bd1
Ne4 33. Be2 Qc7 34. Rc2 Qb7 35. Ne5 Bd6 (35... Nd6 36. Nd7 Rb4 37. Qa5) 36. Qe8
Nf6 37. Qc8 Qxc8 38. Rxc8 Rb4 (38... Ne4 39. Ra8 Rb2 40. Kf3 Rb3+ 41. Kg2 Rb2
$11) 39. Rc6 Be7 $2 {Just before time control.} (39... Ne8 40. Rxa6 Rxd4 41.
Bb5 Bxe5 42. Bxe8 (42. fxe5 Nc7) 42... Bc7 43. Ra7 Rc4 $11) 40. Rc7 Ng8 41. Nc6
Rb2 42. Bf3 Rc2 43. Bxd5 Nf6 44. Bb3 Rc3 45. Rxe7 Rxb3 46. Ne5 Nd5 47. Rxf7+
Kg8 48. Ra7 Ra3 49. Rd7 Nf6 50. Rd8+ Kg7 51. d5 Ra2 52. d6 Rd2 53. d7 a5 54.
Ra8 Nxd7 55. Ra7 1-0

[Event "Rohde op 08th"]
[Site "Sautron"]
[Date "2008.10.29"]
[Round "6"]
[White "Colin, Vincent"]
[Black "Abbasov, Farid"]
[Result "1-0"]
[WhiteElo "2421"]
[BlackElo "2578"]
[Annotator "Primel,D"]
[PlyCount "71"]
[EventDate "2008.10.25"]
[EventType "swiss"]
[EventRounds "9"]
[EventCountry "FRA"]
[SourceTitle "EXT 2009"]
[Source "ChessBase"]
[SourceDate "2008.11.26"]
[SourceVersion "1"]
[SourceVersionDate "2008.11.26"]
[SourceQuality "1"]

1. d4 d5 2. c4 c6 3. Nf3 Nf6 4. Nc3 a6 5. c5 Nbd7 6. Bf4 Nh5 7. Bd2 Qc7 ({RR} 
7... Nhf6 8. Qc2 g6 9. h3 Bg7 10. Bf4 O-O 11. e3 Ne8 12. Be2 Nc7 13. O-O e5 14.
dxe5 Ne6 15. b4 a5 16. b5 Ndxc5 17. Bg3 Bd7 18. Rfd1 Rc8 19. bxc6 Bxc6 20. Rac1
Qd7 21. Qb1 Rfd8 22. Bh4 {Topalov,V (2757)-Shirov,A (2713)/Monte Carlo 2005/
CBM 105 ext/1-0 (58)}) 8. e3 (8. e4 dxe4 9. Ng5 Ndf6 10. Bc4 e6 11. Ngxe4 Be7
12. O-O O-O 13. Qf3 b5 14. Bb3 e5 15. dxe5 Qxe5 16. Rfe1 Qc7 17. Nxf6+ Nxf6 18.
Bf4 Qa7 19. Rxe7 Qxe7 20. Bd6 Qe8 21. h3 Bd7 22. Rd1 Ra7 {Rogers,I (2547)
-Gulbas,C (2375)/Enschede 2006/EXT 2007/1-0}) 8... Nhf6 9. b4 $5 $146 (9. Be2
e5 10. O-O Be7 11. b4 Ne4 12. Be1 f5 13. Na4 Bf6 14. dxe5 Nxe5 15. Nd4 Ng4 16.
Bxg4 fxg4 17. Nb6 Rb8 18. f3 gxf3 19. gxf3 Ng5 20. Bg3 Be5 21. Qe1 Bh3 22. Bxe5
Qxe5 23. f4 Qe4 {Postny,E (2486)-Guidarelli,L (2323)/Patras 2001/CBM 083 ext/
1-0 (92)}) 9... e5 10. a4 e4 11. Ng1 Be7 12. b5 $1 $36 Nf8 13. bxa6 bxa6 {
[%csl Ra6]} 14. a5 {[%csl Ra6] Fixant la faiblesse "a6"} Ng6 15. Rb1 O-O (15...
Qxa5 16. Nxd5) 16. Rb6 Nd7 17. Qa4 $1 {Un sacrifice de qualité assez naturel}
Nxb6 18. axb6 Qd7 19. g3 {[%csl Gf4,Gh4]} Qb7 {Les noirs manquent d'espace} 20.
Nge2 Bg4 21. Nc1 $1 {[%cal Gc1b3]} Ne5 22. h3 Nf3+ 23. Kd1 {N'ayant pas peur
des échecs} Nxd4+ 24. hxg4 Ne6 25. Nxe4 $3 dxe4 26. Qxe4 g6 $6 27. Bc3 $40 {
[%csl Rf6,Rg7][%cal Ge4e5]} Rad8+ 28. Kc2 Rd5 $2 (28... Bxc5 29. Qe5 Bd4 30.
exd4 Rd5 31. Qf6 Qxb6) 29. Rxh7 $1 {La pointe de l'attaque!} Kxh7 (29... Nd4+
30. Bxd4 Rxd4 31. exd4 Kxh7) 30. Qh1+ Rh5 31. gxh5 $18 f5 32. hxg6+ Kxg6 33. g4
Ng7 34. Nd3 Bf6 35. gxf5+ Kxf5 36. Qh7+ {[%mdl 520]} 1-0

[Event "FRA-chT Top 12"]
[Site "Montpellier"]
[Date "2015.05.31"]
[Round "2.1"]
[White "Vazquez Igarza, Renier"]
[Black "Demuth, Adrien"]
[Result "1/2-1/2"]
[WhiteElo "2606"]
[BlackElo "2515"]
[Annotator "RR"]
[PlyCount "99"]
[EventDate "2015.05.30"]
[EventType "team-tourn"]
[EventRounds "11"]
[EventCountry "FRA"]
[SourceTitle "CBM 166 Extra"]
[Source "ChessBase"]
[SourceDate "2015.06.18"]
[SourceVersion "1"]
[SourceVersionDate "2015.06.18"]
[SourceQuality "1"]
[WhiteTeam "Montpellier"]
[BlackTeam "Poitiers Migne"]
[WhiteTeamCountry "FRA"]
[BlackTeamCountry "FRA"]

1. Nf3 d5 2. d4 Nf6 3. c4 c6 4. Nc3 a6 5. a4 (5. Qc2 g6 6. e4 dxe4 7. Nxe4 Bg7
8. Be2 O-O {Grischuk,A (2795)-Morozevich,A (2724) Moscow Petrosian Memorial
2014 (3) 1-0} (8... Bf5 {Roiz}) (8... Nxe4 9. Qxe4 c5 10. d5 Bf5 11. Qh4 h6 12.
O-O g5 13. Qg3 Qd6 {Giri})) 5... e6 6. Bg5 h6 (6... Nbd7 7. e3 Qa5 8. cxd5 exd5
9. Nd2 Be7 10. Bd3 Nf8 11. Qc2 Ne6 12. Bh4 Qd8 13. O-O g6 14. Nb3 a5 15. f3 O-O
16. Rad1 b6 17. Rfe1 Bb7 18. Bf2 Rc8 19. Kh1 Nh5 20. e4 Nhg7 21. Be3 Bh4 22. g3
Be7 23. Qf2 Kh8 24. Bh6 Bg5 25. Bxg5 Nxg5 26. Nd2 f6 27. exd5 cxd5 28. f4 Nf7
29. f5 g5 30. Nf1 Nd6 31. Ne3 Nge8 32. Kg1 Ne4 33. Bxe4 dxe4 34. d5 Nd6 35. Nc2
Re8 36. Nd4 {Karjakin,S (2757)-Erdos,V (2613) Tsaghkadzor 2015 1-0}) 7. Bxf6
Qxf6 8. g3 Bb4 9. Bg2 O-O 10. O-O dxc4 $146 (10... a5 11. Qb3 Nd7 12. e4 dxc4
13. Qxc4 e5 14. d5 Nb6 15. Qb3 Rd8 16. Nd2 Bd7 17. Kh1 Rac8 18. h3 Qg6 19. Nf3
Qh5 20. Kh2 cxd5 21. Nxd5 Nxd5 22. exd5 e4 23. Nd4 Qe5 24. Nc2 Bc5 25. f4 exf3
26. Rxf3 Bf5 27. Re1 Be4 28. Rc3 f5 29. Bxe4 fxe4 30. Ne3 Bd6 31. Nc4 Qd4 32.
Qc2 Bb4 33. Rxe4 Qxd5 34. Rce3 Rf8 35. b3 Qf5 36. Qg2 Bc5 37. Re1 Qg6 38. R1e2
Qg5 39. Re5 Qc1 40. Re1 {Shulman,Y (2616)-Shabalov,A (2626) Las Vegas 2007 0-1
(63)}) 11. Qc2 Nd7 12. Ne4 Qf5 13. Qxc4 Qxe4 14. Qxb4 Qxe2 15. Rfe1 $44 {
[%csl Rc8]} Qc2 16. a5 (16. Rac1) 16... Qf5 17. Ne5 Nf6 18. Ra3 Nd5 19. Bxd5
exd5 20. Rf3 Qh5 21. Rfe3 Be6 22. Qxb7 Rab8 23. Qxc6 Rxb2 24. Qxa6 Rfb8 25. Nd3
Ra2 26. Nf4 Qf5 27. Re5 Qc2 28. Qf1 (28. R5e2 $1) 28... Rxa5 29. Nxe6 fxe6 30.
Qh3 Rf8 31. Qxe6+ Kh8 32. R5e2 Qd3 33. Qe3 Qxe3 34. fxe3 Ra3 35. Rf1 Re8 36.
Rf3 g6 37. Kf2 Ra7 38. g4 Kg7 39. Rb2 Ree7 40. h3 Rac7 41. Ra2 Rb7 42. Rf4 Rb3
43. Re2 Rd3 44. h4 Rd1 45. h5 gxh5 46. gxh5 Rh1 47. Rf5 Rf7 48. Rxf7+ Kxf7 49.
Kf3 Rxh5 50. e4 1/2-1/2

[Event "Bundesliga 1112"]
[Site "Germany"]
[Date "2011.11.20"]
[Round "5.3"]
[White "Gajewski, Grzegorz"]
[Black "Hansen, Sune Berg"]
[Result "1/2-1/2"]
[WhiteElo "2607"]
[BlackElo "2566"]
[Annotator "RR"]
[PlyCount "159"]
[EventDate "2011.10.14"]
[EventType "team-tourn"]
[EventRounds "15"]
[EventCountry "GER"]
[SourceTitle "CBM 146"]
[Source "ChessBase"]
[SourceDate "2012.01.18"]
[SourceVersion "1"]
[SourceVersionDate "2012.01.18"]
[SourceQuality "1"]
[WhiteTeam "Dresden"]
[BlackTeam "Hamburger SK"]
[WhiteTeamCountry "GER"]
[BlackTeamCountry "GER"]

1. d4 d5 2. c4 c6 3. Nc3 Nf6 4. e3 a6 5. Nf3 b5 6. b3 Bf5 7. a4 b4 8. Ne2 e6 9.
Ng3 Bg6 10. a5 Bd6 11. c5 Bc7 12. Bd2 Bxa5 13. Be2 Bc7 14. Bxb4 a5 15. Bc3 Nbd7
16. O-O O-O 17. Ra3 h5 18. Qa1 Ng4 19. Re1 h4 20. Nf1 h3 21. g3 Ndf6 22. Ng5
Bf5 23. Nd2 Nd7 24. Ngf3 Ndf6 25. Nh4 Bh7 26. Qd1 Nh6 27. Nhf3 Nfg4 28. Bf1 Bf5
29. e4 dxe4 30. Nxe4 Rb8 31. Neg5 Nf6 32. Nxh3 Ne4 33. Bb2 Ng4 34. Nh4 Nef6 35.
Nxf5 exf5 36. Qf3 Qd7 37. Ng5 Nd5 38. Raa1 g6 39. Bc4 Ngf6 40. Bc1 Kg7 41. Bd2
Rfe8 42. Kg2 Rxe1 43. Bxe1 Qd8 44. Bd2 Ra8 45. h3 Rb8 46. Qe2 Ra8 47. Qe1 f4
48. Nf3 fxg3 49. fxg3 Qc8 50. Ne5 Qf5 51. Bd3 Qe6 52. Nc4 Qd7 53. Ne5 Qe6 54.
Ng4 Qd7 55. Qe2 Re8 56. Ne5 Qe6 57. Bxa5 Nh5 $6 (57... Bxa5 58. Rxa5 Rh8 $11)
58. Bd2 $16 Bxe5 59. Qxe5+ Qxe5 60. dxe5 Rxe5 61. Ra6 Re6 62. b4 Nhf6 63. Kf3
Nd7 64. Kf2 Ne5 65. Be2 Re7 66. Ra8 Rd7 67. Ke1 Rb7 68. Re8 f6 69. b5 cxb5 70.
Rd8 Ne7 71. Kd1 Rc7 72. Be3 N7c6 73. Ra8 Rd7+ 74. Kc2 Nc4 75. Bxc4 bxc4 76. Bd2
Nd4+ 77. Kc3 Ne2+ 78. Kc2 Nd4+ 79. Kc3 Ne2+ 80. Kc2 1/2-1/2

[Event "POL-chT 66th"]
[Site "Katowice"]
[Date "2010.09.10"]
[Round "7"]
[White "Olszewski, Michal"]
[Black "Sieciechowicz, Marcin"]
[Result "1-0"]
[WhiteElo "2549"]
[BlackElo "2443"]
[Annotator "RR"]
[PlyCount "67"]
[EventDate "2010.09.04"]
[EventType "team-tourn"]
[EventRounds "9"]
[EventCountry "POL"]
[SourceTitle "EXT 2016"]
[Source "ChessBase"]
[SourceDate "2015.10.08"]
[SourceVersion "1"]
[SourceVersionDate "2015.10.08"]
[SourceQuality "1"]
[WhiteTeam "Wroclaw"]
[BlackTeam "Prokonex"]
[WhiteTeamCountry "POL"]
[BlackTeamCountry "POL"]

1. d4 d5 2. c4 c6 3. Nf3 Nf6 4. Nc3 a6 5. a4 e6 6. g3 $5 (6. Bg5) 6... dxc4 7.
Bg2 c5 8. dxc5 Qxd1+ 9. Nxd1 Nc6 (9... Bxc5 $143 10. Ne5 $1 {[%csl Rb7,Gg2]})
10. Ne3 Bxc5 11. Nxc4 Bd7 (11... Ke7) 12. O-O Ke7 $1 {[%cal Gh8d8,Gd7e8]} 13.
Nfe5 (13. Bg5 Rhd8 14. Nfe5 Be8) 13... Rac8 (13... Nxe5 14. Nxe5 Ra7 15. Nd3
Bd4 16. e3 Bb6 17. b3 Rc8 18. Ba3+ Ke8 19. Rfc1 Bd8 20. Ne5 Be7 21. Bb2 b6 22.
Rxc8+ Bxc8 23. Rc1 Bd7 24. Bd4 Bd8 25. a5 Nd5 26. Nc4 Ke7 27. e4 Nf6 28. axb6
Ra8 29. Bc5+ Ke8 30. b7 {1-0 (30) Rodshtein,M (2605)-Braun,A (2533) Gaziantep
2008}) 14. Rd1 Rhd8 15. Nd3 Ba7 (15... Bd4) 16. b3 (16. Be3 $143 Bxe3 17. Nxe3)
16... Kf8 17. Ba3+ Kg8 18. Bc5 Bxc5 19. Nxc5 $36 {[%csl Rb7,Gc5,Rd7]} Rb8 20.
Nxb7 $1 {[%csl Rd8]} Rxb7 21. Bxc6 Rbb8 22. Ne5 Be8 23. Rxd8 Rxd8 24. Bb7 Rb8
25. Bxa6 $18 {[%csl Ga4]} Rxb3 26. a5 Nd5 27. Bc4 Rb7 28. a6 Ra7 29. Rb1 f6 30.
Rb7 Ra8 31. e4 Nc3 32. Nd7 Nxe4 33. Rb8 Kh8 34. Bxe6 1-0